000 00371nam a2200157Ia 4500
008 230917s9999||||xx |||||||||||||| ||und||
020 _cRS30
040 _e8752
_aMAIN
041 _aEnglish
082 _a327.11 C429F
100 _aChhabra, H K
245 0 _aForeign policies of major countries
260 _aDelhi
_bSurjeet
_c1981
300 _a154 p.
942 _cBK
999 _c225805
_d225805